000 00644nam a2200205Ii 4500
003 JO-AjNU
008 230605s9999||||xx |||||||||||||| ||und||
017 _a2012/10/3847
040 _aJO-AjNU
_bara
_erda
_cJO-AjNU
041 _aara
050 1 4 _aPJ7814.T64 A15 2012
100 3 _aعطعوط، سامية,
_eauthor
_948406
245 0 0 _aطربوش موزارت: قصص
264 3 1 _aعمان: وزارة الثقافة، 2012
300 _a86ص
336 _atext
_btxt
_2rdacontent
337 _aunmediated
_bn
_2rdamedia
338 _avolume
_bnc
_2rdacarrier
650 4 _aالقصص العربية القصيرة - فلسطين
_948407
999 _aA21196
_c24764
_d24764